000 00824nam a2200229 a 4500
001 000015418
005 20240412074243.0
008 100208s2004 dr ag 001 0 spa d
020 _a9993473308
040 _aDO-SdBNP
_bspa
_cBNPHU
082 _aRD861.44
_bP343r
100 1 _aPayano, Héctor S.
_d1941-
_934811
245 1 3 _aEl rival de Juan Antonio Alix en la décima popular :
_bSixto David Gómez Bueno y sus espinelas dominicanas /
_cHéctor Payano.
260 _aSanto Domingo :
_bDe Colores,
_c2004.
300 _avii, 138 p. :
_bil., mús. ;
_c23 cm.
500 _aIncluye datos biográficos del autor en la solapa
500 _aIncluye notas al pie de las páginas
504 _aIncluye bibliografía (p. 114-115)
650 0 _aPoesía dominicana
_966
650 0 _aLiteratura dominicana.
_967
049 _aBNPD
999 _c14977
_d14977